000 00286nam a22001217a 4500
999 _c4473
_d4473
008 250225b ||||| |||| 00| 0 eng d
020 _a9780723295501
082 _a423.12 ROO
100 _aROONEY,ANNE
_eAUTHOR
245 _aTHESAURUS
260 _bLADYBIRD BOOKS LTD
_c2015
942 _2ddc